Every Song by Dokken - Statistics

General Stats
  • This quiz has been taken 19 times
  • The average score is 21 of 160
Answer Stats
Album Song % Correct
Back for the Attack(Bonus)(1987) Back for the Attack
89%
Breaking the Chains(1981) Breakin' the Chains
78%
Back for the Attack(1987) Dream Warriors
78%
Tooth and Nail(1984) Tooth and Nail
78%
Tooth and Nail(1984) Alone Again
67%
Back for the Attack(1987) Heaven Sent
67%
Under Lock and Key(1985) It's Not Love
67%
Erase the Slate(1999) Erase the Slate
56%
Under Lock and Key(1985) In My Dreams
56%
Tooth and Nail(1984) Just Got Lucky
56%
Breaking the Chains(1981) Paris
56%
Back in the Streets(1979) Back in the Streets
44%
Broken Bones(2012) Broken Bones
44%
Under Lock and Key(1985) Lightnin' Strikes Again
44%
Under Lock and Key(1985) The Hunter
44%
Under Lock and Key(1985) Unchain the Night
44%
Back for the Attack(1987) Cry of the Gypsy
33%
Beast from the East(1988) Walk Away
33%
Breaking the Chains(1981) Felony
33%
Tooth and Nail(1984) Heartless Heart
33%
Tooth and Nail(1984) Into the Fire
33%
Dysfunctional(1995) Long Way Home
33%
Back for the Attack(1987) Mr. Scary
33%
Under Lock and Key(1985) Slippin' Away
33%
Back for the Attack(1987) Standing in the Shadows
33%
Tooth and Nail(1984) When Heaven Comes Down
33%
Tooth and Nail(1984) Bullets to Spare
22%
Back for the Attack(1987) Burning Like a Flame
22%
Erase the Slate(1999) Change the World
22%
Under Lock and Key(1985) Don't Lie to Me
22%
Breaking the Chains(1981) In the Middle
22%
Under Lock and Key(1985) Jaded Heart
22%
Back for the Attack(1987) Kiss of Death
22%
Dysfunctional(1995) Lesser of Two Evils
22%
From Conception: Live 1981(2007) Live to Rock
22%
Back for the Attack(1987) Lost Behind the Wall
22%
Breaking the Chains(1981) Nightrider
22%
Back for the Attack(1987) Prisoner
22%
Breaking the Chains(1981) Seven Thunders
22%
Back for the Attack(1987) Sleepless Night
22%
Dysfunctional(1995) Too High to Fly
22%
Tooth and Nail(1984) Turn On the Action
22%
Under Lock and Key(1985) Will the Sun Rise
22%
Tooth and Nail(1984) Without Warning
22%
Long Way Home(2002) You
22%
Breaking the Chains(1981) Young Girls
22%
Erase the Slate(1999) Crazy Mary Goes Round
11%
Lightning Strikes Again(2008) Disease
11%
Greatest Hits(2010) Almost Over
11%
The Very Best of Dokken(1999) Mirror Mirror
11%
Tooth and Nail(1984) Don't Close Your Eyes
11%
Erase the Slate(1999) Drown
11%
Broken Bones(2012) Empire
11%
Heaven Comes Down(2023) Gypsy
11%
Hell to Pay(2004) Haunted
11%
Erase the Slate(1999) Haunted Lullabye
11%
Dysfunctional(1995) Hole in My Head
11%
Breaking the Chains(1981) I Can't See You
11%
Dysfunctional(1995) Inside Looking Out
11%
Lightning Strikes Again(2008) I Remember
11%
Back in the Streets(1979) Liar
11%
Erase the Slate(1999) Maddest Hatter
11%
Greatest Hits(2010) Magic Man
11%
Back for the Attack(1987) Night by Night
11%
Heaven Comes Down(2023) Over the Mountain
11%
Hell to Pay(2004) Prozac Nation
11%
Heaven Comes Down(2023) Santa Fe
11%
Dysfunctional(1995) Shadows of Life
11%
Erase the Slate(1999) Shattered
11%
Back for the Attack(1987) Stop Fighting Love
11%
Under Lock and Key(1985) Til the Livin' End
11%
Broken Bones(2012) Tonight
11%
Erase the Slate(Bonus)(1999) Upon Your Lips
11%
Breaking the Chains(1981) We're Illegal
11%
Dysfunctional(1995) What Price
11%
Broken Bones(2012) Best of Me
0%
Hell to Pay(2004) Better Off Before
0%
Shadowlife(1997) Bitter Regret
0%
Broken Bones(2012) Blind
0%
The Lost Songs: 1978 - 1981(2020) Broken Heart
0%
Broken Bones(2012) Burning Tears
0%
Broken Bones(Bonus)(2012) Can’t Fight This Love
0%
Hell to Pay(2004) Can You See
0%
Hell to Pay(2004) Care for You
0%
Shadowlife(1997) Convenience Store Messiah
0%
Shadowlife(1997) Cracks in the Ground
0%
Long Way Home(Bonus)(2002) Dancin' (The Irish Song)
0%
Back in the Streets(1979) Day After Day
0%
Shadowlife(Bonus)(1997) Deep Waters
0%
Change the World: An Introduction(2004) Crazy Mary Goes Around
0%
From Conception: Live 1981(2007) Hit and Run
0%
One Live Night(1995) I Will Remember
0%
The Definitive Rock Collection(2006) Till the Livin' End
0%
Hell to Pay(2004) Don't Bring Me Down
0%
Hell to Pay(2004) Escape
0%
Long Way Home(2002) Everybody Needs (To Be with Someone)
0%
Broken Bones(2012) Fade Away
0%
Broken Bones(2012) For the Last Time
0%
Heaven Comes Down(2023) Fugitive
0%
Lightning Strikes Again(2008) Give Me a Reason
0%
Long Way Home(2002) Goodbye My Friend
0%
From Conception: Live 1981(2007) Guitar Solo
0%
Shadowlife(1997) Hard to Believe
0%
Lightning Strikes Again(2008) Heart to Stone
0%
Shadowlife(1997) Hello
0%
Shadowlife(1997) Here I Stand
0%
Lightning Strikes Again(2008) How I Miss Your Smile
0%
Shadowlife(Bonus)(1997) How Many Lives
0%
Shadowlife(1997) I Don't Mind
0%
Shadowlife(1997) I Feel
0%
Heaven Comes Down(2023) I'll Never Give Up
0%
Erase the Slate(1999) In Your Honor
0%
Heaven Comes Down(2023) Is It Me or You?
0%
Hell to Pay(2004) I Surrender
0%
Lightning Strikes Again(2008) It Means
0%
Long Way Home(2002) I've Found
0%
Lightning Strikes Again(2008) Judgement Day
0%
Heaven Comes Down(2023) Just Like a Rose
0%
Lightning Strikes Again(Bonus)(2008) Leave Me Alone
0%
Long Way Home(Bonus)(2002) Let It Be True
0%
Hell to Pay(2004) Letter to Home
0%
Erase the Slate(Hidden)(1999) Little Brown Pill
0%
Long Way Home(2002) Little Girl
0%
Heaven Comes Down(2023) Lost in You
0%
Long Way Home(2002) Magic Road
0%
The Lost Songs: 1978 - 1981(2020) No Answer
0%
Dysfunctional(1995) Nothing Left to Say
0%
Lightning Strikes Again(2008) Oasis
0%
Long Way Home(Bonus)(2002) Only Heaven Knows
0%
Lightning Strikes Again(2008) Point of No Return
0%
Shadowlife(1997) Puppet on a String
0%
The Lost Songs: 1978 - 1981(2020) Rainbows
0%
Lightning Strikes Again(2008) Release Me
0%
Heaven Comes Down(2023) Saving Grace
0%
Erase the Slate(Bonus)(1999) Sign of the Times
0%
Shadowlife(1997) Sky Beneath My Feet
0%
Back for the Attack(1987) So Many Tears
0%
Lightning Strikes Again(2008) Standing on the Outside
0%
The Lost Songs: 1978 - 1981(2020) Step Into the Light
0%
Breaking the Chains(1981) Stick to Your Guns
0%
Hell to Pay(2004) Still I'm Sad
0%
Long Way Home(2002) Sunless Days
0%
Lightning Strikes Again(Bonus)(2008) Sunset Superstar
0%
Dysfunctional(1995) Sweet Chains
0%
Shadowlife(1997) Sweet Life
0%
Hell to Pay(2004) The Last Goodbye
0%
Dysfunctional(1995) The Maze
0%
Long Way Home(2002) There Was a Time
0%
Broken Bones(2012) The Victim of the Crime
0%
Lightning Strikes Again(2008) This Fire
0%
Long Way Home(2002) Under the Gun
0%
Shadowlife(1997) Until I Know
0%
Shadowlife(1997) Until I Know (Slight Return)
0%
Erase the Slate(1999) Voice of the Soul
0%
Broken Bones(2012) Waterfall
0%
Back in the Streets(1979) We're Going Wrong
0%
Dysfunctional(Bonus)(1995) When the Good Die Young
0%
Erase the Slate(1999) Who Believes
0%
From Conception: Live 1981(2007) You're a Liar
0%
No matching quizzes found
Score Distribution
Percent of People with Each Score
Percentile by Number Answered
Your Score History
You have not taken this quiz